000 00978nam a2200157 a 4500
001 000033763
005 20200930070512.0
008 110908s1750 es 000 0 spa d
040 _aDO-SdBNP
_bspa
_cBNPHU
100 1 _aCastillo de Bobadilla, Jerónimo,
_d1547-
_959183
245 1 0 _aPolítica para corregidores y señores de vassallos, en tiempo de paz, y de guerra y para juezes eclesiasticos y seglares, y de sacas, aduanas, y de residencias y sus oficiales : y sus regidores, y abogados, y del valor de los corregimintos, y gobiernos realengos, y de las ordenes /
_cautor el Licenciado Castillo de Bovadilla. ..Está añadida y enmendada por el autor y los índices mejorados y en esta ultima impressión diligentemente corregida de muchas faltas que avian en las otras impresiones y expurgada segun el expurgatorio del año 1640.
260 _aEmberes :
_bEn casa de I. B. Verdussen,
_c1750.
300 _a2 v. ;
_c38 p.
500 _aTextos en dos columnas
049 _aBNPD
999 _c33254
_d33254